Word Scramble - African Countries - Statistics

General Stats
  • This quiz has been taken 24 times
  • The average score is 15 of 20
Answer Stats
Country % Correct
Chad
100%
Guinea
100%
Kenya
100%
Mali
100%
Togo
100%
Zambia
100%
Zimbabwe
100%
Egypt
92%
Morocco
92%
Ghana
91%
Botswana
90%
Nigeria
89%
Libya
83%
Liberia
82%
Senegal
82%
Mozambique
81%
Gabon
80%
Niger
80%
Sudan
80%
Burundi
78%
Djibouti
78%
Tanzania
78%
Ethiopia
75%
Rwanda
75%
Tunisia
73%
Benin
71%
Gambia
70%
Namibia
70%
Somalia
70%
Uganda
70%
Algeria
67%
Comoros
67%
Eswatini
67%
Madagascar
67%
Angola
64%
Eritrea
64%
Lesotho
64%
Mauritania
62%
Malawi
60%
Mauritius
57%
Seychelles
56%
Cameroon
30%
No matching quizzes found
Score Distribution
Percent of People with Each Score
Percentile by Number Answered
Your Score History
You have not taken this quiz